Central Library OPAC University of Rajshahi

Elements of supervision / (Record no. 15848)

MARC details
000 -LEADER
fixed length control field 00789cam a22002531 4500
001 - CONTROL NUMBER
control field 15848
003 - CONTROL NUMBER IDENTIFIER
rucl marc code BD-RjUL
005 - DATE AND TIME OF LATEST TRANSACTION
control field 20211208235910.0
008 - FIXED-LENGTH DATA ELEMENTS--GENERAL INFORMATION
fixed length control field 140211r19601957nyu 001 0 eng d
035 ## - SYSTEM CONTROL NUMBER
System control number (BD-RjUL)15903
System control number (OCoLC)560542
040 ## - CATALOGING SOURCE
Original cataloging agency DLC
Transcribing agency ODaWU
Modifying agency OCoLC
-- Uk
-- OCoLC
-- DLC
-- BD-RjUL
Language of cataloging eng
041 ## - LANGUAGE CODE
Language code of text/sound track or separate title eng
082 ## - DEWEY DECIMAL CLASSIFICATION NUMBER
Classification number 658.3
Author mark and year SPE 1960
100 1# - MAIN ENTRY--PERSONAL NAME
Personal name Spriegel, William R.
Fuller form of name (William Robert),
Dates associated with a name 1893-1972.
9 (RLIN) 49152
245 10 - TITLE STATEMENT
Title Elements of supervision /
Statement of responsibility, etc. William R. Spriegel, Edward Schulz [and] William B. Spriegel.
250 ## - EDITION STATEMENT
Edition statement 2d ed.
260 ## - PUBLICATION, DISTRIBUTION, ETC. (IMPRINT)
Place of publication, distribution, etc. New York ;
-- London :
Name of publisher, distributor, etc. Wiley,
Date of publication, distribution, etc. c1957[printed 1960]
300 ## - PHYSICAL DESCRIPTION
Pagination xii, 349 p. :
Size 23 cm.
650 #0 - SUBJECT ADDED ENTRY--TOPICAL TERM
Topical term or geographic name as entry element Personnel management.
9 (RLIN) 49153
942 ## - ADDED ENTRY ELEMENTS (KOHA)
Source of classification or shelving scheme Dewey Decimal Classification
Koha item type Books
Holdings
Lost status Source of classification or shelving scheme Damaged status Not for loan Collection code Permanent Location Current Location Shelving location Date acquired Source of acquisition Cost, normal purchase price Total Checkouts Full call number Date last seen Copy number Koha item type
  Dewey Decimal Classification     Non-fiction Central Library, University of Rajshahi Central Library, University of Rajshahi   31/01/1963 Zeitlinger 45.00   658.3 SPE 1960 11/02/2014 C-2 Books
  Dewey Decimal Classification     Non-fiction Central Library, University of Rajshahi Central Library, University of Rajshahi   31/01/1963 zeitlinger 45.00   658.3 SPE 1960 03/07/2019 C-3 Books
  Dewey Decimal Classification   Not For Loan Non-fiction Central Library, University of Rajshahi Central Library, University of Rajshahi Reading Room 31/01/1963 zeitlinger 45.00   658.3 SPE 1960 03/07/2019 C-1 Books